| 000 | 00486nam a22001577a 4500 | ||
|---|---|---|---|
| 003 | NUST | ||
| 082 | _a200 | ||
| 100 |
_aRehman, Asad _9114354 |
||
| 245 |
_aDeep Learning Based OCR for Mathematical Expressions/ _cAsad Rehman, |
||
| 264 |
_aIslamabad : _bSEECS, NUST, _c2023. |
||
| 300 |
_a48 p. ; _c30 cm. |
||
| 650 |
_aMS-Computer Science _926780 |
||
| 700 |
_aSupervisor: Dr.Ahmad Salman _997633 |
||
| 856 | _uhttp://10.250.8.41:8080/xmlui/handle/123456789/34122 | ||
| 942 |
_2ddc _cSC |
||
| 999 |
_c595706 _d595706 |
||